Fußballvereine an Merkmalen erkennen - Statistiken

Allgemein
  • Dieses Quiz wurde 253 mal gespielt
  • Das Durchschnittsergebnis liegt bei 10 aus 16
Antwortstatistiken
Bildquiz Antwort % Korrekt
Bayern
98%
Dortmund
90%
Frankfurt
90%
Köln
90%
Wolfsburg
88%
Duisburg
76%
Darmstadt
72%
Greuther Fürth
65%
Union
56%
Regensburg
50%
Essen
47%
Leipzig
46%
Halle
41%
Ingolstadt
39%
Sandhausen
39%
Braunschweig
31%
Keine übereinstimmenden Quizze gefunden
Verteilung der Resultate
Anzahl Personen mit jedem Resultat
Perzentil nach korrekt beantworteten Fragen
Ihre Resultats-Entwicklung
Sie haben dieses Quiz noch nicht gespielt